|
|
|
|
| LEADER |
00000naa2a2200000 4500 |
| 001 |
623847 |
| 005 |
20231101133301.0 |
| 035 |
|
|
|a (RuTPU)RU\TPU\conf\22940
|
| 035 |
|
|
|a RU\TPU\conf\22936
|
| 090 |
|
|
|a 623847
|
| 100 |
|
|
|a 20170921d2017 k y0rusy50 ca
|
| 101 |
0 |
|
|a rus
|
| 102 |
|
|
|a RU
|
| 105 |
|
|
|a y z 101zy
|
| 135 |
|
|
|a drcn ---uucaa
|
| 181 |
|
0 |
|a i
|
| 182 |
|
0 |
|a b
|
| 200 |
1 |
|
|a О роли фациально-седиментологических критериев в реконструкции кембрийских палеобассейнов востока Сибирской платформы
|f С. С. Сухов
|
| 203 |
|
|
|a Текст
|c электронный
|
| 225 |
1 |
|
|a Восточно‐Сибирский регион
|
| 230 |
|
|
|a 1 компьютерный файл (pdf; 568 Кб)
|
| 300 |
|
|
|a Заглавие с экрана
|
| 320 |
|
|
|a [Библиогр.: с. 213-214 (16 назв.)]
|
| 330 |
|
|
|a Рассматриваются признаки, характерные для кембрийских отложений востока Сибирского кратона, которые указывают на значительную ландшафтно-морфологическую дифференцированность палеобассейнов - формирование мощных карбонатных платформ и глубоководных некомпенсированных окраинных депрессий. Первостепенное значение имеет выстраивающаяся фациальная зональность, отражающая как всеобщие закономерности карбонатной седиментации, так и специфические региональные особенности. Предлагаемая фациально-седиментационная модель упорядочивает выделяемые литостратиграфические подразделения, способствует выполнению палеоструктурных и прогнозных нефтегазогеологических построений, анализу сейсмических материалов и бурения.
|
| 463 |
|
0 |
|0 (RuTPU)RU\TPU\conf\22907
|t Современные проблемы седиментологии в нефтегазовом инжиниринге
|o труды III Всероссийского научно‐практическогоседиментологического совещания, 10-12 апреля 2017 г., г. Томск
|f Национальный исследовательский Томский политехнический университет (ТПУ), Институт природных ресурсов (ИПР) ; гл. ред. О. С. Чернова
|v [С. 209-214]
|d 2017
|
| 610 |
1 |
|
|a электронный ресурс
|
| 610 |
1 |
|
|a Сибирская платформа
|
| 610 |
1 |
|
|a Куонамский бассейн
|
| 610 |
1 |
|
|a кембрий
|
| 610 |
1 |
|
|a фации
|
| 610 |
1 |
|
|a палеогеоморфология
|
| 610 |
1 |
|
|a седиментационные модели
|
| 610 |
1 |
|
|a прогибы
|
| 700 |
|
1 |
|a Сухов
|b С. С.
|
| 712 |
0 |
2 |
|a Сибирский научно-исследовательский институт геологии, геофизики и минерального сырья (СНИИГГиМС)
|c (Новосибирск)
|2 stltpush
|3 (RuTPU)RU\TPU\col\322
|
| 801 |
|
2 |
|a RU
|b 63413507
|c 20171129
|g RCR
|
| 856 |
4 |
|
|u http://earchive.tpu.ru/handle/11683/43066
|
| 942 |
|
|
|c BK
|